000 00446nam a2200181Ia 4500
001 13453
005 20260306164802.0
008 260306t1993||||xx |||||||||||||| ||spa||
041 _aESP
082 _aS 004.21
_bB61
100 _aBlanchard, Benjamín S.
_eAUT
245 0 _aAdministración de ingeniería de sistemas
260 _c1993
300 _a470 páginas :
_c24 cm.
650 _aGEN
654 _aCCC
942 _cLIB
_dJUS
_fJUS
_2ddc
_n
999 _c13453
_d13453